Statistics for A Vocabulary Words

Click here to take the quiz!

General Stats

  • This quiz has been taken 655 times
    (632 since last reset)
  • The average score is 9 of 16

Answer Stats

HintAnswer% Correct
The smallest particle on earth, also known as the building block of everythingAtom
88%
Ancient counting tool known to be used by the ChineseAbacus
87%
The study of "celestial objects"Astronomy
80%
A device that makes sound louder, needed for most electric guitarsAmplifier
76%
A person who is not sure about whether there is a god or notAgnostic
74%
Prohibition prohibited itAlcohol
74%
The class that a spider belongs to, or a scorpionArachnida
68%
Someone who helps a crime to be commitedAccomplice
64%
A person who hates Jews(Seinfeld's Uncle thinks everyone is one)Anti-Semite
56%
To hate; feel disgust towardsAbhor
51%
Meaning to have a ph of more than 7 (and its not base, sorry)Alkaline
42%
Having more than one interpretation(e.g. handwriting)Ambiguous
33%
A type of cellular respiration that requires oxygenAerobic
32%
To be suspected of something, but not proved to have done it.Alleged
19%
Known as the fear of goldAurophobia
19%
Thomas Jefferson was known to reform this type of livingAgrarian
6%

Score Distribution

Percentile by Number Answered

Percent of People with Each Score

Your Score History

You have not taken this quiz since the last reset